000 00788cam a2200265 a 4500
001 29726
003 BD-RjUL
005 20211209051442.0
008 921029t19601959enk 000 0 eng d
035 _a(BD-RjUL)29811
040 _aBD-RjUL
_beng
_cBD-RjUL
_dBD-RjUL
041 _aeng
082 _223
_a599.935
_bMEF 1960
100 1 _aMedawar, P. B.
_q(Peter Brian),
_d1915-1987.
_9154871
245 1 4 _aThe future of man /
_cby P.B. Medawar.
260 _aLondon :
_bMethuen,
_cc1959 [1960].
300 _a128 p. ;
_c19 cm.
490 1 _aThe Reith lectures ;
_v1959
500 _a"The BBC Reith lecture 1959."
650 0 _aHuman genetics.
_9154872
650 0 _aHuman beings.
_9154873
830 0 _aReith lectures ;
_v1959.
_9129129
942 _2ddc
_cBK
999 _c29726
_d29726